000 00441nam a2200145Ia 4500
008 100204s9999 xx 000 0 und d
082 _b20261
100 _aमुंडे माणिक
245 _aलढा कुणशी ?
260 _b"दीपश्री प्रकाशन , पुणे"
_c1997
300 _a196
630 _aलढा कुणशी ?
730 _aलढा कुणशी ?
942 _cBOOK
999 _c464683
_d464680